| 000 | 00755nam a22002177a 4500 | ||
|---|---|---|---|
| 005 | 20170113120533.0 | ||
| 010 | _a1617CH-EN | ||
| 020 |
_a9788184824025 _c150.00 |
||
| 035 | _aB-646874-899 | ||
| 037 | _bStar/Ven | ||
| 082 | _aS | ||
| 245 |
_aValiant Sikhs / _cedited by Anant Pai |
||
| 260 |
_bAmar Chitra Katha _c2014 _aMumbai |
||
| 270 |
_a14 Marthand, 4th Floor, 84 Dr. Annie Besant Road, _bMumbai _e400018 |
||
| 300 |
_avarious pages. _c23cm _bcol.ill. |
||
| 490 | _aIllustrated classics form India ;no.10017 | ||
| 500 | _a3-In-1 | ||
| 700 | _aPai, Anant | ||
| 942 |
_cCH _hS _2ddc _mVAL |
||
| 999 |
_c100738 _d100738 |
||